Miasta w warmińsko-mazurskim - Statystyki

Ogólne statystyki
  • Ten quiz został rozwiązany 30 razy
  • Średni wynik to 20 z 37
Statystyki odpowiedzi
Hint Odpowiedź % Poprawnych
O Olsztyn
100%
E Elbląg
91%
I Iława
87%
BR Braniewo
83%
E Ełk
83%
G Giżycko
83%
OS Ostróda
83%
BA Bartoszyce
74%
MIK Mikołajki
70%
OLNEK Olsztynek
70%
SZ Szczytno
70%
D Działdowo
65%
GO Gołdap
65%
M Mrągowo
65%
P Pisz
65%
TOLK Tolkmicko
65%
N Nidzica
61%
LW Lidzbark Warmiński
57%
RY Ryn
57%
K Kętrzyn
52%
OL Olecko
52%
W Węgorzewo
52%
OR Orneta
48%
NML Nowe Miasto Lubawskie
43%
R Reszel
39%
B Barczewo
35%
DM Dobre Miasto
35%
MIŁ Miłomłyn
35%
PIE Pieniężno
35%
BP Biała Piska
30%
KO Korsze
30%
PA Pasłęk
30%
MI Miłakowo
26%
W Wielbark
26%
BI Biskupiec
22%
Młynary
17%
GI Górowo Iławeckie
13%
Nie znaleziono quizów pasujących do podanych kryteriów
Rozkład punktacji
Procent ludzi z każdym wynikiem
Percentyl według liczby udzielonych odpowiedzi
Twoja historia wyników
Nie rozwiązałeś tego quizu